Lázaro, ven fuera (Record no. 94296)

MARC details
000 -LEADER
campo de control de longitud fija 00541nam a2200169 i 4500
001 - NÚMERO DE CONTROL
campo de control 94296
003 - IDENTIFICADOR DE NÚMERO DE CONTROL
campo de control ES-MaACL
005 - FECHA Y HORA DE LA ÚLTIMA TRANSACCIÓN
campo de control 20250907063056.0
007 - CAMPO FIJO DE DESCRIPCIÓN FÍSICA--INFORMACIÓN GENERAL
campo de control de longitud fija t|
008 - DATOS DE LONGITUD FIJA--INFORMACIÓN GENERAL
campo de control de longitud fija 050427s1933 sp ||||1| spa d
100 1# - ENTRADA PRINCIPAL--NOMBRE DE PERSONA
Nombre de persona López Tomás, José,
Fechas asociadas al nombre n. 1860
9 (RLIN) 74000
245 10 - MENCIÓN DEL TÍTULO
Título Lázaro, ven fuera
Resto del título : drama en tres actos /
Mención de responsabilidad, etc. original de José López Tomás.
260 ## - PUBLICACIÓN, DISTRIBUCIÓN, ETC.
Lugar de publicación, distribución, etc. Valencia :
Nombre del editor, distribuidor, etc. [s.n.],
Fecha de publicación, distribución, etc. 1933 (
Fabricante Tip. Pascual Quiles)
300 ## - DESCRIPCIÓN FÍSICA
Extensión 66 p. ;
Dimensiones 21 cm.
852 ## - LOCALIZACIÓN
Ubicación ES-MaACL
Número de control de estantería 1775-F-5
Nota libre .- Ded. ms. del autor
Holdings
Estatus retirado Estado de pérdida Estado de daño No para préstamo Colección Biblioteca de origen Biblioteca actual Ubicación en estantería Fecha de adquisición Fuente de adquisición Total de préstamos Signatura topográfica completa Código de barras Visto por última vez Precio de reemplazo Tipo de ítem Koha
        Colección de folletos Biblioteca del Ateneo de Madrid Biblioteca del Ateneo de Madrid Depósito folletos 17/01/2008     1775-F-5 1098487 23/02/2023 23/02/2023 Folleto